|
|
|
|
| LEADER |
00662nab a2200169 i 4500 |
| 001 |
misc7119 |
| 005 |
20191106142447.0 |
| 008 |
170607s1932 hu o 0|| hun d |
| 040 |
|
|
|a SZTE Miscellanea Repozitórium
|b hun
|
| 041 |
|
|
|a hun
|
| 100 |
1 |
|
|a György Ernő
|
| 245 |
1 |
2 |
|a A válság jog kialakulása
|h [elektronikus dokumentum] /
|c György Ernő
|
| 260 |
|
|
|c 1932
|
| 300 |
|
|
|a 383-388s
|
| 490 |
0 |
|
|a Polgári jog : a hazai és külföldi magánjog és hiteljog szemléje
|v 8
|
| 695 |
|
|
|a Gazdaságpolitika Magyarország 1930-as évek, Szociálpolitika Magyarország 20. sz.
|
| 856 |
4 |
0 |
|u http://misc.bibl.u-szeged.hu/7119/1/polgari_jog_1932_383-388s.pdf
|z Dokumentum-elérés
|